000 00208 a2200097 4500
020 _a9786074570137
041 _aspa
100 _aMaria del Pilar Montes
245 _aEl manual para escribir bien
942 _cK
999 _c26167
_d26167